000
00296nam a22001217a 4500
003
SGT
082
_a
616.89
_b
M07R
100
_a
RAO, KIRAN
245
_a
MINDS CAPES: GLOBAL PERSPECTIVES ON PSYCHOLOGY IN MENTAL HEALTH
260
_a
INDIA
_b
NIMHANS
_c
2007
300
_a
551
942
_2
ddc
_c
BK
_0
1
999
_c
15089
_d
15089